MARC details
| 010 ## - Numéro international normalisé du livre (ISBN) |
| ISBN |
2842601319 |
| Disponibilité et/ou prix |
13,80 EUR |
| 099 ## - Visibilité opac |
| notice masquée en opac |
Non |
| 100 ## - Données générales de traitement |
| Données générales de traitement |
20030916d2003 m y0frey50 ba |
| 101 0# - Langue de la ressource |
| Langue du texte, de la bande son, etc. |
français |
| 102 ## - Pays de publication ou de production |
| Pays de publication |
France |
| 200 1# - Titre et mention de responsabilité |
| Titre propre |
Divertissements touristiques |
| -- |
L'entre-deux |
| -- |
Rose, la nuit australienne |
| -- |
suivi de 8 |
| Indication générale du type de document |
Livre |
| 214 #0 - Mentions de production, publication, diffusion et manufacture |
| Nom de l’éditeur |
Éditions théâtrales |
| Date de publication |
DL. 2003 |
| 215 ## - Description physique |
| Nombre de pages |
1 vol. (103 p.) |
| 225 0# - Collection |
| Titre de la collection |
Répertoire contemporain |
| 323 ## - Nombre de personnages |
| Texte de la note |
indéfini |
| 330 ## - Résumé ou extrait |
| Texte de la note |
<br/><br/>Tout est prétexte au jeu dans l'écriture de Noëlle Renaude. De ses premiers textes, Divertissements touristiques, L'Entre-deux et Rose, la nuit australienne, jusqu'à 8, son dernier, les mots et les formes s'enchaînent dans une horreur joyeuse. Une écriture des contrastes entre gaieté apparente et gravité certaine.<br/><br/>Puis, au détour d'une phrase, anodine, discrète, l'auteur nous cueille, nous saisit, nous embarque dans une course folle. On saute du salon à la courette, de la banquette arrière sordide à la grange du pendu, du monologue fluide au dialogue éclaté.<br/><br/>La vie est là : médiocre et sublime, mais toujours exposée, sans fard ni retenue. On ose, chez elle, tout haut ce que le lecteur pense tout bas. Peu à peu, sans avoir l'air d'y toucher, chacun invente, avec Renaude, un théâtre du mouvement perpétuel. |
| 700 #1 - Auteur principal |
| Nom |
Renaude |
| Prénom |
Noëlle |
| Dates |
1949-.... |
| 105 ## - Zone de données codées : textes, monographies |
| Données codées sur les monographies textuelles |
y ||||000by |
| 181 ## - Zone de données codées : Forme de la ressource |
| Données de liaison entre champs |
z01 |
| Autre référentiel utilisé pour coder la forme du contenu |
texte |
| Code du référentiel |
rdacontent |
| 181 #1 - Zone de données codées : Forme de la ressource |
| Données de liaison entre champs |
z01 |
| Forme du contenu selon l’ISBD sous forme codée |
i# |
| Qualificatif(s) du contenu selon l’ISBD sous forme codée |
xxxe## |
| 182 ## - Zone de données codées : type de média |
| Données de liaison entre champs |
z01 |
| Autre référentiel utilisé pour coder le type de médiation |
sans média |
| Code du référentiel |
rdamedia |
| 182 #1 - Zone de données codées : type de média |
| Données de liaison entre champs |
z01 |
| Type de médiation selon l’ISBD sous forme codée |
sans média |
| 183 #1 - Zone de données codées : Type de carrière |
| Données de liaison entre champs |
z01 |
| Type de support sous forme codée |
nga |
| Code du référentiel |
RDAfrCarrier |
| 214 #0 - Mentions de production, publication, diffusion et manufacture |
| Lieu de publication, production, distribution/diffusion, fabrication |
Paris |
| 215 ## - Description physique |
| Autres caractéristiques matérielles |
couv. ill. |
| Dimensions |
21 cm |
| 410 ## - Collection |
| Identifiant de la notice bibliographique liée |
07625495X |
| 410 ## - Collection |
| Titre de l'oeuvre |
Collection Répertoire contemporain |
| ISSN |
1760-2947 |
| 464 ## - Niveau de dépouillement |
| Titre de l'oeuvre |
L'entre-deux |
| 464 ## - Niveau de dépouillement |
| Titre de l'oeuvre |
Rose, la nuit australienne |
| 464 ## - Niveau de dépouillement |
| Titre de l'oeuvre |
8 |
| 517 ## - Autres variantes du titre |
| Autre variante du titre |
Huit |
| 608 ## - Vedette de Forme, Genre ou Caractéristiques physiques |
| Identifiant de la notice d'autorité |
027814157 |
| Élément d'entrée |
Théâtre (genre littéraire) français |
| Identifiant de la notice d'autorité |
086305646 |
| Subdivision chronologique |
20e siècle |
| Code du format utilisé |
rameau |
| 676 ## - Classification décimale de Dewey |
| Indice |
842 |
| Édition |
21 |
| 700 #1 - Auteur principal |
| Identifiant de la notice d'autorité |
029129109 |
| Eléments ajoutés aux noms autres que les dates |
dramaturge |
| Code de fonction |
Auteur |
| 801 #3 - Origine de la notice |
| Pays |
FR |
| Agence de catalogage |
Abes |
| Date de la transaction |
20250408 |
| Règles de catalogage utilisées |
AFNOR |
| 801 #3 - Origine de la notice |
| Pays |
FR |
| Agence de catalogage |
BN |
| Date de la transaction |
19990129 |
| Règles de catalogage utilisées |
AFNOR |
| 801 #1 - Origine de la notice |
| Pays |
US |
| Agence de catalogage |
OCLC |
| Règles de catalogage utilisées |
AACR2 |
| 801 #2 - Origine de la notice |
| Pays |
FR |
| Agence de catalogage |
AUROC |
| 000 -Etiquette de la notice |
| Leader |
02292cam0a2200505 4500 |
| 003 - Identifiant de la notice |
| Identifiant |
http://www.sudoc.fr/074081748 |
| 005 - Identifiant de la version |
| Identifiant |
20260129114617.0 |
| 035 ## - Identifiant de la notice dans un autre système |
| Identifiant de la notice dans un autre système |
(OCoLC)402410474 |
| 035 ## - Identifiant de la notice dans un autre système |
| Identifiant de la notice dans un autre système |
651458 |
| 073 #1 - EAN |
| Numéro normalisé |
9782842601317 |